| 000 | 00663nam a22002177a 4500 | ||
|---|---|---|---|
| 999 |
_c18326 _d18326 |
||
| 003 | AR-CdUCM | ||
| 008 | 190401b ||||| |||| 00| 0 spa d | ||
| 040 |
_aMUNICIPALIDAD PROVINCIAL DEL CUSCO _cBIBLIOTECA MUNICIPAL DEL CUSCO |
||
| 041 | _heng | ||
| 082 |
_26ed. _a973.07 / _bL96 / 1958 |
||
| 100 |
_aLudwig , Emil _911764 |
||
| 245 | _aLincoln / | ||
| 260 |
_aMexico : _bDiana, _c1963. |
||
| 300 |
_a406páginas ; _c20 cm. |
||
| 505 | _aContenido: El jornalero -- El ciudadano -- El libertador -- El padre. | ||
| 650 |
_aBiografías históricas _96252 |
||
| 650 |
_aEstados Unidos _91805 |
||
| 650 |
_aHistoria _9136 |
||
| 942 |
_2ddc _cLIBROS |
||
| 945 | _awfj | ||